| 000 | 00446nam a2200181Ia 4500 | ||
|---|---|---|---|
| 003 | OSt | ||
| 005 | 20240507092824.0 | ||
| 008 | 210210b1959 xxu||||| |||| 00| 0 eng d | ||
| 040 | _cAL | ||
| 041 | _akan | ||
| 082 | _a859/273 | ||
| 100 |
_aKALKI _9148718 _dಕಲ್ಕಿ |
||
| 245 |
_aAleyosage 3: _bಅಲೆಯೊಸಗೆ ೩ |
||
| 260 |
_aBengaluru _b- _c1959 |
||
| 690 |
_aKannada Fiction _9148719 |
||
| 906 | _a021145 | ||
| 942 |
_2ddc _cBK |
||
| 999 |
_c145207 _d145207 |
||